| 000 -LEADER |
| fixed length control field |
00754nam a2200217Ia 4500 |
| 001 - CONTROL NUMBER |
| control field |
5279 |
| 003 - CONTROL NUMBER IDENTIFIER |
| control field |
GE_BSU |
| 008 - FIXED-LENGTH DATA ELEMENTS--GENERAL INFORMATION |
| fixed length control field |
181216s||||||||xx |||||||||||||| ||und|| |
| 040 ## - CATALOGING SOURCE |
| Transcribing agency |
GE_BSU |
| 080 ## - UNIVERSAL DECIMAL CLASSIFICATION NUMBER |
| Universal Decimal Classification number |
510(076) |
| 100 ## - MAIN ENTRY--PERSONAL NAME |
| Personal name |
Гуткин,Л.И. |
| 245 ## - TITLE STATEMENT |
| Title |
Сборник задач по математике с практическим содержанием для техникумов |
| 245 ## - TITLE STATEMENT |
| Remainder of title |
Учебное пособие для строительных техникумов |
| 260 ## - PUBLICATION, DISTRIBUTION, ETC. |
| Place of publication, distribution, etc. |
Москва |
| 260 ## - PUBLICATION, DISTRIBUTION, ETC. |
| Name of publisher, distributor, etc. |
Высш. школа, |
| 260 ## - PUBLICATION, DISTRIBUTION, ETC. |
| Date of publication, distribution, etc. |
1968. |
| 300 ## - PHYSICAL DESCRIPTION |
| Extent |
111с 20 см. |
| 653 ## - INDEX TERM--UNCONTROLLED |
| Uncontrolled term |
для строительных техникумо |
| 653 ## - INDEX TERM--UNCONTROLLED |
| Uncontrolled term |
Сборник задач по математике; |
| 942 ## - ADDED ENTRY ELEMENTS (KOHA) |
| Koha item type |
წიგნი |